| 000 | 00469nam a2200229Ia 4500 | ||
|---|---|---|---|
| 003 | IT-RoPAU | ||
| 008 | 120407s9999 xx 000 0 und d | ||
| 040 | _aIT-RoPAU | ||
| 040 | _cIT-RoPAU | ||
| 041 | _adeu | ||
| 100 | _aAdolf Adam | ||
| 245 | _aFirmung und Seelsorge | ||
| 250 | _aDusserdorf | ||
| 260 | _aPatmos Verlag | ||
| 260 | _c1959 | ||
| 300 | _a262 p. | ||
| 300 | _c21 cm | ||
| 490 | _a1. Cresima | ||
| 490 | _v1 | ||
| 942 | _cBK | ||
| 999 |
_c30793 _d30793 |
||